| 000 | 01257nam a2200313 i 4500 | ||
|---|---|---|---|
| 003 | EG-ScBUE | ||
| 005 | 20240103103220.0 | ||
| 008 | 111206s2003 ua b f b 000 0aara d | ||
| 017 | _a2003 / 10666 | ||
| 020 | _a9770185582 | ||
| 040 |
_aEG-ScBUE _bara _erda _cEG-ScBUE _dEG-ScBUE |
||
| 043 | _af-ua--- | ||
| 082 | 0 | 4 |
_222 _a956.048 _bج م س |
| 100 | 1 |
_928012 _aجمسي، محمد عبد الغني، _eمؤلف. |
|
| 245 | 1 | 0 |
_aمذكرات الجمسي : _bحرب أكتوبر 1973 / _cالمشير محمد عبد الغني الجمسي. |
| 246 | 3 | 0 | _aحرب أكتوبر 1973 |
| 264 | 1 |
_aالقاهرة : _bالهيئة المصرية العامة للكتاب، _c2003. |
|
| 300 |
_a582 صفحة : _bخرائط ؛ _c24 سم |
||
| 336 |
_2rdacontent _aنص _btxt |
||
| 337 |
_aبدون وسيط _2rdamedia _bn |
||
| 338 |
_aمجلد _bnc _2rdacarrier |
||
| 504 | _aيشتمل على إرجاعات ببليوجرافية. | ||
| 600 | 1 | 7 |
_928013 _aجمسي، محمد عبد الغني، _xمذكرات. _2BUEsh |
| 650 | 7 |
_aحرب أكتوبر 1973. _2BUEsh |
|
| 651 | 7 |
_2BUEsh _aمصر _xتاريخ _yالعصر الحديث _yأنور السادات (1970-1981). |
|
| 653 | _cDecember2011 | ||
| 655 | _vReading book | ||
| 942 |
_2ddc _cBB |
||
| 999 |
_c16299 _d16299 |
||